El mundo del arte : (Registro nro. 3640)
[ vista simple ]
| 000 -LEADER | |
|---|---|
| fixed length control field | 00862nam a22002417a 4500 |
| 003 - CONTROL NUMBER IDENTIFIER | |
| control field | PE SENCICO BE |
| 005 - DATE AND TIME OF LATEST TRANSACTION | |
| control field | 20251020182620.0 |
| 008 - FIXED-LENGTH DATA ELEMENTS--GENERAL INFORMATION | |
| fixed length control field | 221124b |||||||| |||| 00| 0 eng d |
| 020 ## - INTERNATIONAL STANDARD BOOK NUMBER | |
| International Standard Book Number | 84-494-1685-X |
| 040 ## - CATALOGING SOURCE | |
| Original cataloging agency | PE SENCICO BE |
| Transcribing agency | PE SENCICO BE |
| 080 ## - UNIVERSAL DECIMAL CLASSIFICATION NUMBER | |
| Universal Decimal Classification number | 7.03 |
| Item number | O28 |
| 100 1# - MAIN ENTRY--PERSONAL NAME | |
| 9 (RLIN) | 82 |
| Personal name | Gispert, Carlos |
| Dates associated with a name | 1947- |
| 245 1# - TITLE STATEMENT | |
| Title | El mundo del arte : |
| Remainder of title | autores, movimientos y estilos / |
| Statement of responsibility, etc. | director, Carlos Gispert |
| 260 ## - PUBLICATION, DISTRIBUTION, ETC. | |
| Place of publication, distribution, etc. | Barcelona: |
| Name of publisher, distributor, etc. | Grupo Oceano, |
| Date of publication, distribution, etc. | 2002 |
| 300 ## - PHYSICAL DESCRIPTION | |
| Extent | 384 p. : |
| Other physical details | il. col.; |
| Dimensions | 30 cm. |
| 505 ## - FORMATTED CONTENTS NOTE | |
| Formatted contents note | Comprender la obra de arte: las claves del arte, las técnicas del arte -- Historia del arte -- Museo virtual -- El arte de la A a la Z -- Cronología comparada. |
| 650 10 - SUBJECT ADDED ENTRY--TOPICAL TERM | |
| Topical term or geographic name entry element | Arte |
| 9 (RLIN) | 83 |
| 650 20 - SUBJECT ADDED ENTRY--TOPICAL TERM | |
| Topical term or geographic name entry element | Museos |
| 9 (RLIN) | 84 |
| 910 ## - USER-OPTION DATA (OCLC) | |
| User-option data | hfp |
| -- | hfp |
| -- | hfp |
| 942 ## - ADDED ENTRY ELEMENTS (KOHA) | |
| Source of classification or shelving scheme | Dewey Decimal Classification |
| Koha item type | Libros |
| Classification part | 7.03 |
| Item part | O28 |
| Fecha de la última vez que lo usaron | Número de ingreso o de inventario | Pago total | Signatura topográfica completa | Precio efectivo desde | Tipo de documento | Estado perdido | Sistema de clasificación | Estado dañado | No es para préstamo | Retirado | Ubicación permanente | Ubicación actual | Fecha de adquisición |
|---|---|---|---|---|---|---|---|---|---|---|---|---|---|
| 24/11/2022 | 12781 | 7.03/O28 | 24/11/2022 | Libros | Dewey Decimal Classification | Biblioteca Central Lima | Biblioteca Central Lima | 24/11/2022 |